Statistics for Counties without McDonalds

Click here to take the quiz!

General Stats

  • This quiz has been taken 50 times
  • The average score is 2 of 6

Answer Stats

Countries% Correct
North Korea
95%
Iceland
34%
Bolivia
30%
Macedonia
25%
Zimbabwe
25%
Ghana
23%

Score Distribution

Percentile by Number Answered

Percent of People with Each Score

Your Score History

You have not taken this quiz